| 000 | 00712nas a2200229 4500 | ||
|---|---|---|---|
| 001 | BR9501867 | ||
| 003 | BR-BrBNA | ||
| 005 | 20231205093941.0 | ||
| 007 | ta | ||
| 008 | 230509b bl.|||p| |||| 00| 00por d | ||
| 040 |
_aBR-BrBNA _bpor _cBiblioteca Nacional de Agricultura |
||
| 041 | _a(En, Pt) | ||
| 072 | _aL60 | ||
| 100 | 1 | _aCastello, H.P. | |
| 100 | 1 | _aPinedo, M.C. | |
| 245 | 1 | _aArctocephalus tropicalis, primeiro registro para a costa do Rio Grande do Sul (Pinnipedia, Otariidae) | |
| 650 | _aLobo Marinho | ||
| 650 | _aRio Grande do Sul | ||
| 773 | 0 |
_tAtlantica (Brazil) _xISSN 0102-1656 _g(1977), v. 2(2) p. 111-119 _wBR9501867 |
|
| 909 |
_a202311 _bLúcia _c55 _dLúcia Elande |
||
| 942 |
_2AGRIS _n0 _cANA |
||
| 999 |
_c141260 _d141260 |
||